000 00995nam a22002657a 4500
005 20240530110519.0
008 160215s2013 su a g b 000 0 ara d
017 _a1433/6847
_bالسعودية . مكتبة الملك فهد الوطنية
020 _a9786038120040
040 _aEG-CaGPL
082 0 4 _221
_a371.91\
_bع ص
100 0 _aعبير طوسون احمد .
245 1 0 _aصعوبات التعلم الاكاديمية /
_cعبير طوسون احمد ، سحر منصور القطاوى .
250 _aط1.
260 _aالرياض :
_bدار الزهراء ،
_c2013 .
300 _a312 ص ؛
_c24 سم .
504 _aببليوجرافية : ص 293 - 304
650 0 4 _aصعوبات التعلم .
650 0 4 _aقواعد الاملاء و الهجاء .
650 0 4 _aالكتابة .
650 0 4 _aالقراءة .
700 0 _aسحر منصور القطاوى
_eمؤلف مشارك .
942 _2ddc
_cBK
999 _c61852
_d61852